000 00519nam a22001457a 4500
005 20171121100414.0
008 171121b xxu||||| |||| 00| 0 eng d
040 _cPK-LaUMT
082 _aTRC 956.1
_bUGU-O
100 _aUğur Ünal
245 _aOsmanlı belgelerinde Birinci Dünya Harbi = The First World War in Ottoman documents /
_cUğur Ünal
260 _aIstanbul :
_bT.C. Başbakanlık Devlet Arşivleri Genel Müdürlüğü, Osmanlı Arşivi Daire Başkanlığı,
_c2015
300 _a2 vols.
942 _cTRC
999 _c100148
_d100148